[Event "Junior Online 4NCL Division 4"]
[Site "online"]
[Date "2021.02.18"]
[EventDate "2021.02.18"]
[Round "3.106"]
[White "Phillips, Freddie"]
[WhiteElo "1315"]
[WhiteTeam "Woking Warriors"]
[Black "Nallaperumal, Kasi Veshagan"]
[BlackElo "1390"]
[BlackTeam "Maidenhead Juniors 2"]
[Result "0-1"]
[PlyCount "66"]

1. e4 e5 2. Nf3 Nf6 3. Nc3 Nc6 4. Bc4 h6 5. O-O Bc5 6. b3 O-O 7. Bb2 d6 8. Nb5 a6 9. Nc3 Bg4 10. Be2 Bb4 11. Nh4 Bxe2 12. Qxe2 Nd4 13. Qd3 c5 14. Nf5 Nxf5 15. exf5 Ng4 16. Qg3 Qg5 17. h3 Qxd2 18. Qxg4 Bxc3 19. Bxc3 Qxc3 20. f6 g6 21. h4 e4 22. Qf4 Qe5 23. Qxh6 Qxf6 24. Qf4 Qxf4 25. Rfe1 Qxh4 26. Re3 Qf6 27. Rxe4 Qxa1+ 28. Kh2 Qxa2 29. Rh4 Qxc2 30. Rh3 Qxf2 31. Rg3 Kg7 32. Kh3 Rh8+ 33. Kg4 Qf5# 0-1

[Event "Junior Online 4NCL Division 4"]
[Site "online"]
[Date "2021.02.18"]
[EventDate "2021.02.18"]
[Round "3.107"]
[White "Chen, William"]
[WhiteElo "1375"]
[WhiteTeam "Maidenhead Juniors 2"]
[Black "Seet, Leanne"]
[BlackElo "1220"]
[BlackTeam "Woking Warriors"]
[Result "1-0"]
[PlyCount "31"]

1. e4 d5 2. exd5 Qxd5 3. Nc3 Qd8 4. d4 Nc6 5. Nf3 Nf6 6. Bf4 Bg4 7. d5 Bxf3 8. Qxf3 Nb4 9. O-O-O c6 10. dxc6 Qb6 11. cxb7 Rb8 12. Bb5+ Qxb5 13. Nxb5 Nxa2+ 14. Kb1 Rxb7 15. Qc6+ Nd7 16. Qc8# 1-0

[Event "Junior Online 4NCL Division 4"]
[Site "online"]
[Date "2021.02.18"]
[EventDate "2021.02.18"]
[Round "3.108"]
[White "Wicks, Alexander"]
[WhiteElo "1105"]
[WhiteTeam "Woking Warriors"]
[Black "Nayak, Siddharth"]
[BlackElo "1338"]
[BlackTeam "Maidenhead Juniors 2"]
[Result "1-0"]
[PlyCount "59"]

1. e4 Nc6 2. d4 Nf6 3. e5 Nd5 4. c4 Nb6 5. c5 Nd5 6. Bc4 Ncb4 7. a3 b5 8. Bxb5 c6 9. Be2 d6 10. axb4 Nxb4 11. exd6 exd6 12. cxd6 Bxd6 13. Nf3 Bf5 14. d5 Nc2+ 15. Kf1 Nxa1 16. Nc3 Nc2 17. dxc6 Rc8 18. Bd3 Bxd3+ 19. Qxd3 Nb4 20. Qe4+ Kf8 21. Ng5 Rxc6 22. Qf3 f6 23. Ne6+ Ke7 24. Nxd8 Kxd8 25. Nd5 Na6 26. Nc3 Nc5 27. Qxc6 Ke7 28. Nd5+ Ke6 29. Nc7+ Ke5 30. Qd5# 1-0

[Event "Junior Online 4NCL Division 4"]
[Site "online"]
[Date "2021.02.18"]
[EventDate "2021.02.18"]
[Round "3.111"]
[White "Minhas, Salar"]
[WhiteElo "924"]
[WhiteTeam "Coldfall Knights"]
[Black "Aggarwal, Jai"]
[BlackElo "1466"]
[BlackTeam "Uxbridge Juniors Chargers"]
[Result "0-1"]
[PlyCount "146"]

1. e4 e5 2. Nf3 Nc6 3. Nc3 Nf6 4. d4 exd4 5. Nxd4 d6 6. Nxc6 bxc6 7. Bd3 Be7 8. Be3 O-O 9. O-O c5 10. b3 Ng4 11. a4 Nxe3 12. fxe3 Bg5 13. Re1 Bh4 14. g3 Be7 15. Qh5 Bf6 16. e5 g6 17. Qf3 Bxe5 18. Qxa8 Bxc3 19. Qxa7 Bxe1 20. Rxe1 Re8 21. Qa5 Be6 22. Bc4 Bxc4 23. bxc4 Re4 24. Qb5 Qe7 25. Qb8+ Kg7 26. Qb3 Qe6 27. Qc3+ Kf8 28. Qh8+ Ke7 29. Qxh7 Rxe3 30. Rxe3 Qxe3+ 31. Kg2 Qe2+ 32. Kh3 Qxc4 33. a5 Qxc2 34. Qh8 Qa4 35. Qa8 c4 36. a6 c3 37. a7 c2 38. Qb8 c1=Q 39. a8=Q Qxa8 40. Qxa8 Qh6+ 41. Kg2 Qf8 42. Qb7 Kd7 43. h4 Qc8 44. Qb5+ c6 45. Qf1 f5 46. Kf3 c5 47. g4 fxg4+ 48. Kxg4 c4 49. Qf7+ Kd8+ 50. Kg5 c3 51. Qxg6 c2 52. Qxd6+ Ke8 53. Qg6+ Kd8 54. Qd6+ Qd7 55. Qf8+ Kc7 56. Qc5+ Qc6 57. Qe7+ Kb6 58. Qe3+ Qc5+ 59. Qxc5+ Kxc5 60. h5 c1=Q+ 61. Kf6 Qh6+ 62. Ke7 Qxh5 63. Kf6 Qg4 64. Ke7 Qf5 65. Ke8 Qf6 66. Kd7 Kd5 67. Kc7 Qe6 68. Kd8 Qf6+ 69. Ke8 Qg6+ 70. Kd8 Kd6 71. Kc8 Qg7 72. Kb8 Kc6 73. Ka8 Qb7# 0-1

[Event "Junior Online 4NCL Division 4"]
[Site "online"]
[Date "2021.02.18"]
[EventDate "2021.02.18"]
[Round "3.112"]
[White "Bommi, Praneeth"]
[WhiteElo "1334"]
[WhiteTeam "Uxbridge Juniors Chargers"]
[Black "Haga, Matteo"]
[BlackElo "850"]
[BlackTeam "Coldfall Knights"]
[Result "0-1"]
[PlyCount "36"]

1. e3 f5 2. b3 Nf6 3. Bb2 g6 4. e4 e6 5. e5 Ng4 6. Be2 Nh6 7. Bb5 Bg7 8. Nf3 c6 9. Bc4 d5 10. Bd3 O-O 11. Ba3 Re8 12. Ng5 Bxe5 13. c3 Qxg5 14. f4 Bxf4 15. g3 Be5 16. h4 Bxg3+ 17. Kf1 Qf4+ 18. Kg1 Qf2# 0-1

[Event "Junior Online 4NCL Division 4"]
[Site "online"]
[Date "2021.02.18"]
[EventDate "2021.02.18"]
[Round "3.113"]
[White "Richards, Hal"]
[WhiteElo "790"]
[WhiteTeam "Coldfall Knights"]
[Black "Karthisamy, Prathik"]
[BlackElo "850"]
[BlackTeam "Uxbridge Juniors Chargers"]
[Result "0-1"]
[PlyCount "68"]

1. e4 e5 2. Nf3 Nc6 3. Bb5 Nf6 4. d3 d6 5. Bxc6+ bxc6 6. Nc3 Be7 7. Be3 Bd7 8. Qd2 O-O 9. Bg5 Bg4 10. Bxf6 Bxf6 11. h3 Bxf3 12. gxf3 h6 13. O-O-O Bg5 14. Qxg5 Qxg5+ 15. Kb1 Qd8 16. d4 exd4 17. Rxd4 Qh4 18. Rd2 Qg5 19. Kc1 Rfd8 20. Kd1 d5 21. exd5 cxd5 22. h4 Qf6 23. Nxd5 Qxf3+ 24. Kc1 Rxd5 25. Rxd5 Qxh1+ 26. Rd1 Qxh4 27. b3 Qxf2 28. c4 Qxa2 29. Rd3 Re8 30. Kd1 Qb1+ 31. Kd2 Qe1+ 32. Kc2 Re2+ 33. Rd2 Qxd2+ 34. Kb1 Re1# 0-1

[Event "Junior Online 4NCL Division 4"]
[Site "online"]
[Date "2021.02.18"]
[EventDate "2021.02.18"]
[Round "3.114"]
[White "Watson, Lewis"]
[WhiteElo "741"]
[WhiteTeam "Uxbridge Juniors Chargers"]
[Black "Silver, Adam"]
[BlackElo "750"]
[BlackTeam "Coldfall Knights"]
[Result "0-1"]
[PlyCount "39"]

1. e4 e5 2. d4 exd4 3. Qxd4 d6 4. Qd1 f6 5. Bc4 Nc6 6. Nd2 Na5 7. Bxg8 Rxg8 8. Ngf3 Bg4 9. h3 Bh5 10. g4 Bg6 11. Nb3 Nxb3 12. axb3 Bxe4 13. Nd4 Bxh1 14. Ne6 Qe7 15. Ke2 Qxe6+ 16. Kd3 Qe4+ 17. Kc3 O-O-O 18. Rxa7 Qf3+ 19. Kd4 Qxd1+ 20. Kc3 0-1

[Event "Junior Online 4NCL Division 4"]
[Site "online"]
[Date "2021.02.18"]
[EventDate "2021.02.18"]
[Round "3.115"]
[White "Aggarwal, Jai"]
[WhiteElo "1466"]
[WhiteTeam "Uxbridge Juniors Chargers"]
[Black "Minhas, Salar"]
[BlackElo "924"]
[BlackTeam "Coldfall Knights"]
[Result "1-0"]
[PlyCount "99"]

1. e4 e6 2. d4 d5 3. e5 Nc6 4. c3 f6 5. Nf3 fxe5 6. dxe5 b6 7. g3 g6 8. Bg2 Bg7 9. Bf4 Bb7 10. Na3 a6 11. Nc2 b5 12. Ncd4 Nxd4 13. cxd4 Ne7 14. O-O O-O 15. Bg5 h6 16. Bxe7 Qxe7 17. Nh4 g5 18. Ng6 Qf7 19. Nxf8 Rxf8 20. Qf3 Qd7 21. Qd3 b4 22. b3 a5 23. a4 Ra8 24. Rfc1 Ba6 25. Qc2 Rc8 26. Qc6 Qxc6 27. Rxc6 Bb7 28. Rxe6 h5 29. Rg6 Kh7 30. Rxg5 Kh6 31. Rf5 Kg6 32. Rf3 Bh6 33. Rf6+ Kg7 34. Bh3 Rf8 35. Rxf8 Kxf8 36. Re1 Ke7 37. f4 Ke8 38. Rc1 c6 39. Rc5 Bf8 40. Rxa5 Ke7 41. Ra7 Ke8 42. Rxb7 Kd8 43. Rb8+ Ke7 44. Rc8 c5 45. Rxc5 Kd8 46. Rxd5+ Ke7 47. f5 Kf7 48. e6+ Ke7 49. a5 Kf6 50. a6 1-0

[Event "Junior Online 4NCL Division 4"]
[Site "online"]
[Date "2021.02.18"]
[EventDate "2021.02.18"]
[Round "3.116"]
[White "Haga, Matteo"]
[WhiteElo "850"]
[WhiteTeam "Coldfall Knights"]
[Black "Bommi, Praneeth"]
[BlackElo "1334"]
[BlackTeam "Uxbridge Juniors Chargers"]
[Result "0-1"]
[PlyCount "94"]

1. f4 e6 2. Nf3 b6 3. g3 Bb7 4. Bg2 Nf6 5. O-O Nc6 6. d3 Bc5+ 7. Kh1 Nd4 8. Nxd4 Bxg2+ 9. Kxg2 Bxd4 10. e3 Bc5 11. Kg1 O-O 12. Nc3 g6 13. d4 Be7 14. b3 Bb4 15. Bb2 Nd5 16. Nxd5 exd5 17. a3 Bd6 18. Qd2 Re8 19. Rfe1 f5 20. Kg2 Re6 21. c4 dxc4 22. d5 Re7 23. bxc4 Qe8 24. Bd4 Re4 25. Kf3 Qe7 26. h4 Re8 27. a4 Bb4 28. Qb2 Bxe1 29. Rxe1 c5 30. Bf6 Rxe3+ 31. Rxe3 Qxe3+ 32. Kg2 Re4 33. a5 Rxc4 34. Qa2 Qe4+ 35. Kf1 Qxd5 36. axb6 axb6 37. Ba1 Rc1+ 38. Kf2 Qxa2+ 39. Ke3 Qxa1 40. Kf3 Qa3+ 41. Ke2 Qxg3 42. Kd2 Rh1 43. Kc2 Qg2+ 44. Kd3 Qe4+ 45. Kc3 Rh3+ 46. Kb2 Qg2+ 47. Kb1 Rh1# 0-1

[Event "Junior Online 4NCL Division 4"]
[Site "online"]
[Date "2021.02.18"]
[EventDate "2021.02.18"]
[Round "3.117"]
[White "Karthisamy, Prathik"]
[WhiteElo "850"]
[WhiteTeam "Uxbridge Juniors Chargers"]
[Black "Richards, Hal"]
[BlackElo "790"]
[BlackTeam "Coldfall Knights"]
[Result "1-0"]
[PlyCount "103"]

1. e4 e5 2. Nf3 Nc6 3. Nc3 Bc5 4. Bc4 d6 5. O-O Be6 6. Bxe6 fxe6 7. d3 Nf6 8. Ng5 Qe7 9. Nf3 O-O-O 10. Bg5 h6 11. Bd2 d5 12. exd5 exd5 13. Re1 d4 14. Nb1 Bb4 15. c3 Bc5 16. cxd4 Bxd4 17. Bc3 Bxc3 18. Nxc3 Rhe8 19. d4 e4 20. Nd2 Rxd4 21. Qc2 Nb4 22. Qc1 Nd3 23. Qd1 Nxe1 24. Qxe1 Qd7 25. Nb3 Rd6 26. h3 Rde6 27. Nc5 Qd6 28. Nxe6 Qxe6 29. Qe2 Qd7 30. Rd1 Qf7 31. a3 Qe7 32. Re1 g5 33. Nd1 h5 34. f3 g4 35. fxe4 Nxe4 36. Nc3 Qh4 37. Nxe4 gxh3 38. Nd6+ cxd6 39. Qxe8+ Kc7 40. Re7+ Kb6 41. Qd8+ Kc5 42. Rc7+ Kb6 43. Rc4+ Kb5 44. Rxh4 Kc5 45. Rxh5+ d5 46. Qxd5+ Kb6 47. gxh3 a5 48. Rh6+ Ka7 49. Rh7 Ka6 50. Rxb7 a4 51. Qc6+ Ka5 52. Rb5# 1-0

[Event "Junior Online 4NCL Division 4"]
[Site "online"]
[Date "2021.02.18"]
[EventDate "2021.02.18"]
[Round "3.118"]
[White "Silver, Adam"]
[WhiteElo "750"]
[WhiteTeam "Coldfall Knights"]
[Black "Watson, Lewis"]
[BlackElo "741"]
[BlackTeam "Uxbridge Juniors Chargers"]
[Result "1-0"]
[PlyCount "123"]

1. e4 d5 2. exd5 Qxd5 3. Nc3 Qd8 4. Nf3 Bg4 5. Bb5+ Nd7 6. h3 Bxf3 7. gxf3 Nf6 8. Bc4 Ne5 9. Bb5+ Nfd7 10. Bxd7+ Qxd7 11. f4 Nc6 12. d3 e5 13. fxe5 Nxe5 14. Qe2 Qe6 15. d4 Nc4 16. Qxe6+ fxe6 17. b3 Nd6 18. d5 exd5 19. Nxd5 O-O-O 20. Bg5 Re8+ 21. Be3 g6 22. O-O-O Ne4 23. f3 Nf2 24. Bxf2 Ba3+ 25. Kb1 Re5 26. Nb6+ axb6 27. Bh4 Ra5 28. b4 Ra4 29. c3 c5 30. Bf6 Rf8 31. Be7 Rxf3 32. Rd8+ Kc7 33. Rhd1 Rxc3 34. R1d7+ Kc6 35. b5+ Kxb5 36. Rd1 Rb4+ 37. Ka1 Rc1+ 38. Rxc1 Bxc1 39. Rd1 Bb2+ 40. Kb1 c4 41. Bxb4 Kxb4 42. Kxb2 c3+ 43. Kc2 h5 44. Rd6 g5 45. Rxb6+ Kc4 46. Rxb7 g4 47. hxg4 hxg4 48. Rg7 Kb4 49. Rxg4+ Ka3 50. Kxc3 Kxa2 51. Rb4 Ka3 52. Rb8 Ka4 53. Kc2 Ka5 54. Rb7 Ka6 55. Rb1 Ka5 56. Kc3 Ka4 57. Rb2 Ka5 58. Kc4 Ka6 59. Kc5 Ka7 60. Kc6 Ka8 61. Kc7 Ka7 62. Ra2# 1-0

[Event "Junior Online 4NCL Division 4"]
[Site "online"]
[Date "2021.02.18"]
[EventDate "2021.02.18"]
[Round "3.121"]
[White "Jowell, Leo"]
[WhiteElo "1239"]
[WhiteTeam "Edgware Gambits E"]
[Black "Scheffel, Charlie"]
[BlackElo "1167"]
[BlackTeam "Barnet Knights E"]
[Result "0-1"]
[PlyCount "54"]

1. d4 Nf6 2. c4 g6 3. Nc3 Bg7 4. e4 d6 5. Nf3 O-O 6. Bd3 Nbd7 7. O-O e5 8. d5 Nc5 9. b4 Nxd3 10. Qxd3 a6 11. Bg5 h6 12. Be3 Bg4 13. Bd2 Qd7 14. c5 b6 15. c6 Qc8 16. a4 Nh7 17. a5 b5 18. Rfc1 f5 19. h3 fxe4 20. Nxe4 Bxf3 21. gxf3 Qxh3 22. Nxd6 Ng5 23. Bxg5 Rxf3 24. Qe2 hxg5 25. Ne4 Raf8 26. Rf1 R8f4 27. Nxg5 Rg4# 0-1

[Event "Junior Online 4NCL Division 4"]
[Site "online"]
[Date "2021.02.18"]
[EventDate "2021.02.18"]
[Round "3.122"]
[White "Vyas, Rayaan"]
[WhiteElo "1217"]
[WhiteTeam "Barnet Knights E"]
[Black "Srinivasan, Gowri"]
[BlackElo "1281"]
[BlackTeam "Edgware Gambits E"]
[Result "1-0"]
[PlyCount "91"]

1. e4 e5 2. Nf3 Nc6 3. Bc4 Nf6 4. d3 Bc5 5. O-O d6 6. Nc3 Qe7 7. a3 Be6 8. Bxe6 Qxe6 9. Qe2 O-O 10. Be3 Bb6 11. Bxb6 axb6 12. Ng5 Qe7 13. b4 h6 14. Nf3 Rfd8 15. Nd5 Nxd5 16. exd5 Na7 17. Qe4 Nb5 18. a4 Nc3 19. Qc4 Nxa4 20. Qb3 b5 21. c4 Nb6 22. cxb5 Rac8 23. Rfc1 e4 24. Re1 Qf6 25. dxe4 Re8 26. Rac1 Re7 27. Qc3 Qg6 28. Qd4 Rce8 29. e5 dxe5 30. Rxe5 Nd7 31. Rxe7 Rxe7 32. h3 Nf6 33. d6 Re8 34. dxc7 Qf5 35. Qc5 Qc8 36. b6 Nd7 37. Qd6 f6 38. Rd1 Nf8 39. Qd5+ Kh8 40. Nd4 Ng6 41. Ne6 Rxe6 42. Qd8+ Re8 43. Qxc8 Rxc8 44. Rd8+ Rxd8 45. cxd8=Q+ Kh7 46. Qc7 1-0

[Event "Junior Online 4NCL Division 4"]
[Site "online"]
[Date "2021.02.18"]
[EventDate "2021.02.18"]
[Round "3.123"]
[White "Lyons, Joseph"]
[WhiteElo "1206"]
[WhiteTeam "Edgware Gambits E"]
[Black "Gold, Arthur"]
[BlackElo "1176"]
[BlackTeam "Barnet Knights E"]
[Result "0-1"]
[PlyCount "108"]

1. e4 e5 2. Nf3 Nc6 3. Bb5 a6 4. Ba4 b5 5. Bb3 Nf6 6. d3 Bc5 7. Bd2 d6 8. a3 Ng4 9. O-O O-O 10. Ba2 Be6 11. c4 bxc4 12. dxc4 Nd4 13. Be3 Nxf3+ 14. Qxf3 Bxe3 15. fxe3 Qg5 16. Re1 Qh4 17. Qg3 Qf6 18. b3 h5 19. Rf1 Qg5 20. h4 Qxe3+ 21. Qxe3 Nxe3 22. Rc1 f5 23. exf5 Bxf5 24. Nd2 Nc2 25. Rab1 Nxa3 26. Rb2 c5 27. Rf1 Bd3 28. Rxf8+ Rxf8 29. Nf3 Nc2 30. Bb1 Nb4 31. Bxd3 Nxd3 32. Rd2 Nc1 33. Rxd6 Nxb3 34. Nxe5 a5 35. Rd3 Nd4 36. Ra3 Ne2+ 37. Kh2 Rf4 38. Kh3 Rf1 39. g3 Rf2 40. g4 hxg4+ 41. Nxg4 Rf4 42. Rxa5 Rxc4 43. Ra8+ Kh7 44. Ne5 Re4 45. Ng4 Nf4+ 46. Kg3 Nh5+ 47. Kf3 Rf4+ 48. Ke3 Rxg4 49. Ra5 Rxh4 50. Rxc5 Rh3+ 51. Kd4 Nf4 52. Ke4 Ne6 53. Rc6 Rh4+ 54. Kf3 Nd4+ 0-1

[Event "Junior Online 4NCL Division 4"]
[Site "online"]
[Date "2021.02.18"]
[EventDate "2021.02.18"]
[Round "3.124"]
[White "Perl, Joseph"]
[WhiteElo "1164"]
[WhiteTeam "Barnet Knights E"]
[Black "Sharma, Krish"]
[BlackElo "1167"]
[BlackTeam "Edgware Gambits E"]
[Result "0-1"]
[PlyCount "78"]

1. Nf3 c6 2. g3 d5 3. Bg2 Bf5 4. O-O Nf6 5. d3 Nbd7 6. Nbd2 e5 7. e4 Bg6 8. b3 Bd6 9. Bb2 O-O 10. exd5 cxd5 11. c4 d4 12. Re1 Re8 13. a3 Bxd3 14. Nb1 Bg6 15. Nh4 Bxb1 16. Qxb1 Ng4 17. Qf5 Ngf6 18. g4 g6 19. Qf3 e4 20. Qd1 d3 21. f3 g5 22. Nf5 exf3 23. Rxe8+ Qxe8 24. Nxd6 Qe6 25. Qxd3 fxg2 26. Nf5 Nf8 27. Bxf6 Qxf6 28. Re1 Ne6 29. Qd6 Re8 30. b4 Rd8 31. Qe7 Qxe7 32. Nxe7+ Kf8 33. Nf5 Nd4 34. c5 Nf3+ 35. Kf2 Nxe1 36. Kg1 Rd3 37. a4 Rf3 38. Ng3 f5 39. Ne2 Rf1# 0-1

[Event "Junior Online 4NCL Division 4"]
[Site "online"]
[Date "2021.02.18"]
[EventDate "2021.02.18"]
[Round "3.125"]
[White "Scheffel, Charlie"]
[WhiteElo "1167"]
[WhiteTeam "Barnet Knights E"]
[Black "Jowell, Leo"]
[BlackElo "1239"]
[BlackTeam "Edgware Gambits E"]
[Result "1-0"]
[PlyCount "21"]

1. e4 c5 2. c3 e5 3. Nf3 Nc6 4. Bc4 Nf6 5. d4 cxd4 6. cxd4 exd4 7. Nxd4 Nxe4 8. O-O Bc5 9. Nf5 O-O 10. Qg4 Qg5 11. Bxg5 1-0

[Event "Junior Online 4NCL Division 4"]
[Site "online"]
[Date "2021.02.18"]
[EventDate "2021.02.18"]
[Round "3.126"]
[White "Srinivasan, Gowri"]
[WhiteElo "1281"]
[WhiteTeam "Edgware Gambits E"]
[Black "Vyas, Rayaan"]
[BlackElo "1217"]
[BlackTeam "Barnet Knights E"]
[Result "0-1"]
[PlyCount "24"]

1. d4 Nf6 2. Nc3 g6 3. Nf3 Bg7 4. Bf4 d6 5. e3 O-O 6. Bd3 c5 7. dxc5 dxc5 8. Qe2 Nd5 9. Na4 Qa5+ 10. Qd2 Qxa4 11. b3 Qa3 12. Rc1 Bc3 0-1

[Event "Junior Online 4NCL Division 4"]
[Site "online"]
[Date "2021.02.18"]
[EventDate "2021.02.18"]
[Round "3.128"]
[White "Sharma, Krish"]
[WhiteElo "1167"]
[WhiteTeam "Edgware Gambits E"]
[Black "Perl, Joseph"]
[BlackElo "1164"]
[BlackTeam "Barnet Knights E"]
[Result "0-1"]
[PlyCount "82"]

1. d4 Nf6 2. Bf4 g6 3. e3 Bg7 4. Bd3 O-O 5. c3 d6 6. Nd2 Nbd7 7. Be2 e5 8. Bg5 h6 9. Bxf6 Qxf6 10. d5 b6 11. h4 Qe7 12. h5 g5 13. f4 gxf4 14. exf4 exf4 15. Qc2 Bb7 16. c4 c6 17. dxc6 Bxc6 18. O-O-O Bd4 19. Bd3 Kg7 20. Ngf3 Be3 21. Qc3+ Qf6 22. Qc2 Bd5 23. Qa4 Bxf3 24. gxf3 Nc5 25. Qc2 Rab8 26. Kb1 Bxd2 27. Rxd2 a6 28. Qc3 Qxc3 29. bxc3 Na4 30. Rg1+ Kf6 31. Kc2 Rg8 32. Re1 Rbe8 33. Rxe8 Rxe8 34. Kb3 Nc5+ 35. Kc2 Kg5 36. Rg2+ Kxh5 37. Rg4 Nxd3 38. Kxd3 Re3+ 39. Kd2 Rxf3 40. Rg7 Rg3 41. Ke2 Rxg7 0-1

[Event "Junior Online 4NCL Division 4"]
[Site "online"]
[Date "2021.02.18"]
[EventDate "2021.02.18"]
[Round "3.131"]
[White "Bass, Finn"]
[WhiteElo "894"]
[WhiteTeam "Rhodes Avenue Rooks"]
[Black "Litvin, Theo"]
[BlackElo "1099"]
[BlackTeam "The Hall 3"]
[Result "0-1"]
[PlyCount "28"]

1. e4 e5 2. Nf3 Nc6 3. Nc3 Bc5 4. Nxe5 Nxe5 5. d4 Bd6 6. dxe5 Bxe5 7. Bd3 Nf6 8. O-O d6 9. a4 Ng4 10. f4 Bd4+ 11. Kh1 Qh4 12. h3 Qg3 13. Qxg4 Bxg4 14. hxg4 Qh4# 0-1

[Event "Junior Online 4NCL Division 4"]
[Site "online"]
[Date "2021.02.18"]
[EventDate "2021.02.18"]
[Round "3.132"]
[White "Payne, Luca"]
[WhiteElo "1032"]
[WhiteTeam "The Hall 3"]
[Black "O'Connor, Ethan"]
[BlackElo "858"]
[BlackTeam "Rhodes Avenue Rooks"]
[Result "0-1"]
[PlyCount "44"]

1. e4 e5 2. Nf3 Nc6 3. Bc4 Nf6 4. Ng5 d5 5. exd5 Nxd5 6. Nxf7 Kxf7 7. Qf3+ Ke6 8. Nc3 e4 9. Qxe4+ Kf7 10. Nxd5 Bc5 11. Nxc7+ Kf6 12. Nxa8 Re8 13. Qxe8 Qxe8+ 14. Be2 Bg4 15. f3 Bf5 16. Nc7 Qd7 17. Nb5 Nb4 18. Na3 Bxc2 19. b3 Qe7 20. h4 Bd3 21. Bb2+ Kg6 22. Kf1 Qxe2# 0-1

[Event "Junior Online 4NCL Division 4"]
[Site "online"]
[Date "2021.02.18"]
[EventDate "2021.02.18"]
[Round "3.133"]
[White "Wilson, Donnie"]
[WhiteElo "879"]
[WhiteTeam "Rhodes Avenue Rooks"]
[Black "Kohli, Aryan"]
[BlackElo "1083"]
[BlackTeam "The Hall 3"]
[Result "0-1"]
[PlyCount "88"]

1. d4 d5 2. e4 dxe4 3. Qh5 Nf6 4. Qe5 Nc6 5. Qg3 Nxd4 6. Be3 Nxc2+ 7. Ke2 Bg4+ 8. f3 exf3+ 9. gxf3 Be6 10. Bg5 Bc4+ 11. Kf2 Nxa1 12. Bxf6 exf6 13. Bxc4 Qd4+ 14. Kg2 Qxc4 15. Na3 Qc6 16. Ne2 Bxa3 17. Nd4 Qd6 18. Qxd6 cxd6 19. bxa3 O-O 20. Rxa1 Rfc8 21. Rb1 b6 22. Nf5 Rc2+ 23. Kf1 Rxa2 24. Nxd6 Rxa3 25. Rc1 h6 26. Nc8 Rxf3+ 27. Ke2 Rh3 28. Nxb6 axb6 29. Rh1 Ra2+ 30. Kf1 Ra1+ 31. Kg2 Rxh1 32. Kxh3 Re1 33. Kg2 b5 34. Kf2 Re8 35. h3 b4 36. h4 b3 37. h5 b2 38. Kf3 b1=Q 39. Kf2 Re4 40. Kf3 Qd3+ 41. Kf2 Qe2+ 42. Kg1 Rg4+ 43. Kh1 Qf1+ 44. Kh2 Qg2# 0-1

[Event "Junior Online 4NCL Division 4"]
[Site "online"]
[Date "2021.02.18"]
[EventDate "2021.02.18"]
[Round "3.134"]
[White "Agarwal, Mihir"]
[WhiteElo "1098"]
[WhiteTeam "The Hall 3"]
[Black "Brown, Alex"]
[BlackElo "799"]
[BlackTeam "Rhodes Avenue Rooks"]
[Result "1-0"]
[PlyCount "31"]

1. d4 d5 2. Nf3 Bf5 3. Bf4 Nc6 4. Nbd2 e6 5. a3 Qe7 6. Nb3 O-O-O 7. e3 f6 8. Bd3 a6 9. Qd2 b5 10. Bxf5 exf5 11. Nc5 Nh6 12. Nxa6 Kb7 13. Nc5+ Kb8 14. Qd3 Qf7 15. Qxb5+ Kc8 16. Qb7# 1-0

[Event "Junior Online 4NCL Division 4"]
[Site "online"]
[Date "2021.02.18"]
[EventDate "2021.02.18"]
[Round "3.135"]
[White "Litvin, Theo"]
[WhiteElo "1099"]
[WhiteTeam "The Hall 3"]
[Black "Bass, Finn"]
[BlackElo "894"]
[BlackTeam "Rhodes Avenue Rooks"]
[Result "1-0"]
[PlyCount "23"]

1. e4 e5 2. Bc4 Nf6 3. Nf3 Nc6 4. Nc3 Bc5 5. d3 d6 6. Bg5 O-O 7. Nd5 Be6 8. Nxf6+ gxf6 9. Bh6 Re8 10. Nh4 Bxc4 11. Qg4+ Kh8 12. Qg7# 1-0

[Event "Junior Online 4NCL Division 4"]
[Site "online"]
[Date "2021.02.18"]
[EventDate "2021.02.18"]
[Round "3.136"]
[White "O'Connor, Ethan"]
[WhiteElo "858"]
[WhiteTeam "Rhodes Avenue Rooks"]
[Black "Payne, Luca"]
[BlackElo "1032"]
[BlackTeam "The Hall 3"]
[Result "0-1"]
[PlyCount "88"]

1. e4 e5 2. Nf3 Nf6 3. Nc3 Bc5 4. Bc4 d6 5. Ng5 O-O 6. O-O h6 7. Nxf7 Rxf7 8. d3 d5 9. Nxd5 Kh8 10. Nxf6 Rxf6 11. Be3 Bxe3 12. fxe3 Rxf1+ 13. Qxf1 Qf6 14. Qe1 Nc6 15. Bb5 Bd7 16. Qd2 Nd4 17. exd4 Bxb5 18. Rf1 Qg6 19. Qd1 Bd7 20. Rf2 Kh7 21. b3 Bh3 22. c4 Rf8 23. Qd2 Rxf2 24. Qxf2 exd4 25. a4 Qg5 26. Kh1 Qc1+ 27. Qg1 Qxg1+ 28. Kxg1 Bg4 29. h3 Bd1 30. b4 Bxa4 31. b5 Bc2 32. g4 Bxd3 33. e5 Kg6 34. Kg2 Bxc4 35. Kf3 Bxb5 36. Kf4 Kf7 37. Kf5 g6+ 38. Ke4 Ke6 39. h4 d3 40. g5 hxg5 41. hxg5 d2 42. Kf4 d1=Q 43. Ke4 Bc6+ 44. Kf4 Qf3# 0-1

[Event "Junior Online 4NCL Division 4"]
[Site "online"]
[Date "2021.02.18"]
[EventDate "2021.02.18"]
[Round "3.137"]
[White "Kohli, Aryan"]
[WhiteElo "1083"]
[WhiteTeam "The Hall 3"]
[Black "Wilson, Donnie"]
[BlackElo "879"]
[BlackTeam "Rhodes Avenue Rooks"]
[Result "1-0"]
[PlyCount "107"]

1. d4 Nc6 2. Bf4 Nf6 3. e3 Ne4 4. f3 Nf6 5. c3 Nh5 6. Bg3 Nxg3 7. hxg3 d5 8. Bd3 g6 9. Nd2 Bf5 10. Bxf5 gxf5 11. Qc2 e6 12. O-O-O Qg5 13. Qb3 Qxe3 14. Qxb7 Qf2 15. Qxa8+ Nd8 16. Qxa7 Qxg2 17. Rh6 Bxh6 18. Qa4+ Ke7 19. Qc2 Nc6 20. f4 Qxg3 21. Ne2 Qg2 22. Nb3 Bxf4+ 23. Nxf4 Qxc2+ 24. Kxc2 Ra8 25. Ra1 e5 26. Nxd5+ Ke6 27. Nxc7+ Kd7 28. Nxa8 e4 29. Nc5+ Kd6 30. Nb7+ Kd5 31. Nb6+ Ke6 32. Nc5+ Kd6 33. c4 Nxd4+ 34. Kc3 Ne2+ 35. Kb4 e3 36. Re1 Ng3 37. Rxe3 Nf1 38. Rf3 Nh2 39. Rxf5 Ng4 40. Kb5 Nh6 41. Nc8+ Kc7 42. Rh5 Ng8 43. Nb6 Nf6 44. Rf5 Ng4 45. Rxf7+ Kd6 46. a4 Ne5 47. Rf5 h6 48. Rxe5 Kxe5 49. a5 h5 50. a6 h4 51. a7 h3 52. a8=Q h2 53. Qb8+ Kf5 54. Qxh2 1-0

[Event "Junior Online 4NCL Division 4"]
[Site "online"]
[Date "2021.02.18"]
[EventDate "2021.02.18"]
[Round "3.138"]
[White "Brown, Alex"]
[WhiteElo "799"]
[WhiteTeam "Rhodes Avenue Rooks"]
[Black "Agarwal, Mihir"]
[BlackElo "1098"]
[BlackTeam "The Hall 3"]
[Result "0-1"]
[PlyCount "138"]

1. e4 e5 2. Nf3 Nc6 3. Nc3 Bc5 4. Bc4 d6 5. d3 h6 6. O-O Be6 7. Be3 Bb6 8. Bxe6 fxe6 9. Bxb6 axb6 10. Qd2 Nf6 11. Rae1 Qe7 12. b4 Nxb4 13. a3 Rxa3 14. Rb1 Nc6 15. Ra1 Rxa1 16. Rxa1 O-O 17. Nh4 Nxe4 18. Qe1 Nxc3 19. Ng6 Qf6 20. Nxf8 Qxf8 21. Qxc3 Qf5 22. Ra8+ Kf7 23. Qa3 Qf4 24. g3 Qf3 25. Qa1 Nd4 26. Kf1 Nxc2 27. Qc1 Qxd3+ 28. Kg1 Nd4 29. Ra2 Ne2+ 30. Rxe2 Qxe2 31. f3 Qxf3 32. Qxc7+ Kg6 33. Qc2+ Qf5 34. Qd1 Qe4 35. g4 d5 36. h4 h5 37. gxh5+ Kh6 38. Qd2+ Qf4 39. Qe2 Qxh4 40. Qxe5 Qg5+ 41. Qxg5+ Kxg5 42. Kf2 Kxh5 43. Ke3 Kg4 44. Kd4 Kf4 45. Kd3 g5 46. Ke2 e5 47. Kf2 d4 48. Ke2 g4 49. Kf2 d3 50. Ke1 g3 51. Kf1 d2 52. Ke2 g2 53. Kxd2 g1=Q 54. Kc3 Ke3 55. Kb4 Qb1+ 56. Kc4 Kd2 57. Kd5 Qb5+ 58. Ke4 Ke2 59. Kf5 Kf3 60. Kg5 e4+ 61. Kf6 Kf4 62. Ke6 Kg5 63. Kd6 Qc5+ 64. Ke6 Kf4 65. Kf6 Qd6+ 66. Kg7 Kg5 67. Kf7 Qd7+ 68. Kg8 Kf6 69. Kf8 Qd8# 0-1